Science Quiz

Random Science Quiz
Score 0/21 Timer 10:00
0 Plays Today
Muscle name Action % Correct
Levator scapulaeElevates scapula
50%
Triceps brachiiExtends forearm
33.3%
BrachialisFlexes forearm
33.3%
InfraspinatusLaterally rotates humerus
25%
Trapezius Superior FibersElevates scapula
16.7%
Trapezius Middle FibersRetracts scapula
16.7%
Trapezius Inferior FibersDepresses scapula
16.7%
Teres minorLaterally rotates humerus
16.7%
Sternocleidomastoid Bilateral ActionFlexes head & neck
8.3%
RhomboideusElevates and retracts scapula
8.3%
Pectoralis minorDepresses and protracts scapula
8.3%
Muscle name Action % Correct
Sternocleidomastoid Unilateral ActionLaterally flexes head & neck
0%
Serratus anteriorProtracts and depresses scapula
0%
Latissimus dorsiExtends, adducts, medially rotates humerus
0%
Teres majorExtends, adducts, medially rotates humerus
0%
SubscapularisAdducts and medially rotates humerus
0%
DeltoideusAbducts, flexes, extends, medially rotates and laterally rotates humerus
0%
Pectoralis majorAdducts, medially rotates and flexes humerus
0%
SupraspinatusAbducts humerus
0%
CoracobrachialisAdducts and flexes humerus
0%
Biceps brachiiFlexes forearm and supinates hand
0%
Remove Ads.
Support Sporcle.
Get the best of Sporcle when you Go Orange. This ad-free experience offers more features, more stats, and more fun while also helping to support Sporcle. Thank you for becoming a member.

You're not logged in!

Compare scores with friends on all Sporcle quizzes.
OR
Log In

Show Comments

Extras

Created Oct 29, 2010ReportNominate
Tags:Action, arm, group, muscle, Shoulder

Top Quizzes Today


Score Distribution

Your Account Isn't Verified!

In order to create a playlist on Sporcle, you need to verify the email address you used during registration. Go to your Sporcle Settings to finish the process.

Report this User

Report this user for behavior that violates our Community Guidelines.

Details: